Sources and uses of public funds in Rajasthan (Record no. 20582)

MARC details
000 -LEADER
fixed length control field 00358nam a2200133Ia 4500
082 ## - DEWEY DECIMAL CLASSIFICATION NUMBER
Classification number TR.0121
100 ## - MAIN ENTRY--AUTHOR NAME
Personal name Ranjana
245 #0 - TITLE STATEMENT
Title Sources and uses of public funds in Rajasthan
260 ## - PUBLICATION, DISTRIBUTION, ETC. (IMPRINT)
Year of publication 1974
Name of publisher University of Rajasthan
300 ## - PHYSICAL DESCRIPTION
Number of Pages 389p. + C D - 52
650 ## - SUBJECT ADDED ENTRY--TOPICAL TERM
Topical Term Sources and uses of public funds in Rajasthan
710 ## - ADDED ENTRY--CORPORATE NAME
Corporate name or jurisdiction name as entry element Nigam, M.S.
942 ## - ADDED ENTRY ELEMENTS (KOHA)
Koha item type Thesis
Source of classification or shelving scheme Dewey Decimal Classification
Holdings
Withdrawn status Lost status Damaged status Not for loan Home library Current library Date acquired Full call number Accession Number Price effective from Koha item type
        NASSDOC Library NASSDOC Library 08/10/2004 TR.0121 9870 18/04/2019 Thesis